• 首页
  • 本馆介绍
  • 公告通知
  • 最新文献
  • 馆藏检索
  • 电子资源
  • 读者导购
  • 参考咨询
  • 我的图书馆
  • 登录
  • 详细信息显示
  • 放入我的书架
  • 预约/预借图书
  • 作者相关作品
  • 分类相关作品
  • 丛书相关作品
  • 出版社相关作品

书目信息

  • 表格格式
  • 工作单格式
  • 卡片格式
题名:
大学生数学竞赛汇编
    
 
作者: ;潘斯一、王松伦 译
分册:  
出版信息:   宁德师范专科学校数学科资料室  1979
页数: 224页
开本: 20cm
丛书名:
单 册:
中图分类: O1
科图分类:
主题词: 数学
电子资源:
ISBN:
000 00526nam0 2200169 450
001 0732828906
005 20070903090708.90
100    @a20070903d km y0chiy0120 ea
101 0  @achi
200 1  @a大学生数学竞赛汇编@Ada xue sheng shu xue jing sai hui bian@g潘斯一、王松伦译@Gpan si yi、wang song lun yi
210    @c宁德师范专科学校数学科资料室@d1979
215    @a224页@d20cm
606 0  @a数学
690    @aO1@v3
702  0 @a潘斯一、王松伦@Apan si yi、wang song lun@4译
801  0 @aCN@bPFT@c20070903
905    @a213230@dO1@eS10@f1
    
    大学生数学竞赛汇编/潘斯一、王松伦译.-宁德师范专科学校数学科资料室,1979
    224页;20cm
    
    
    ISBN :
    
●
相关链接 在E读中查询图书 在五车中查询图书 在当当中查询图书 在豆瓣中查询图书


正题名:大学生数学竞赛汇编     索取号:O1/S10         预约/预借

序号 登录号 条形码 馆藏地/架位号 状态 备注
1 6700017   267000176   密集书库-数信学院/ [索取号:O1/S10] 在馆    
唐山师范学院图书馆 欢迎您!
大连网信软件有限公司© 版权所有